Citez les 32 cases du Monopoly - Statistiques

Statistiques générales
  • Ce quiz a été pris 44 fois
  • Le résultat moyen est 16 sur 32
Statistiques - réponses
Couleur Couleur % Correct
Bleu Foncé Rue de la Paix
89%
Bleu Foncé Avenue des Champs-Élysées
84%
Gare Gare du Nord
84%
Gare Gare Montparnasse
81%
Gare Gare de Lyon
78%
Gare Gare Saint-Lazare
78%
3 cases Chance
73%
Orange Place Pigalle
59%
3 cases Caisse de communauté
57%
Compagnie 2 Compagnie de distribution des eaux
57%
Bleu Clair Rue de Vaugirard
57%
Compagnie 1 Compagnie de distribution d’électricité
54%
Marron Boulevard de Belleville
51%
Vert Avenue Foch
49%
Orange Avenue Mozart
49%
Jaune Faubourg Saint-Honoré
49%
Bleu Clair Avenue de la République
43%
Taxe Taxe de luxe
43%
Orange Boulevard Saint-Michel
41%
Rouge Boulevard Malesherbes
38%
Bleu Clair Rue de Courcelles
38%
Rose Rue de Paradis
38%
Marron Rue Lecourbe
38%
Vert Avenue de Breteuil
35%
Rouge Avenue Matignon
35%
Rose Avenue de Neuilly
32%
Rouge Avenue Henri-Martin
32%
Vert Boulevard des Capucines
32%
Jaune Rue La Fayette
32%
Rose Boulevard de la Villette
30%
Impôt Impôt sur le revenu
24%
Jaune Place de la Bourse
24%
Aucun quiz correspondant
Distribution des résultats
% des personnes avec chaque résultat
Percentile par nombre de réponses
Votre historique - résultats
Vous n’avez pas pris ce quiz